|
|
|
|
| LEADER |
00000cam a2200000 i 4500 |
| 001 |
SCIDIR_on1363834883 |
| 003 |
OCoLC |
| 005 |
20231120010722.0 |
| 006 |
m o d |
| 007 |
cr cnu---unuuu |
| 008 |
221102t20232023ne a o 001 0 eng d |
| 040 |
|
|
|a UKAHL
|b eng
|e rda
|e pn
|c UKAHL
|d EBLCP
|d OPELS
|d YDX
|d N$T
|d OCLCF
|d YDX
|d UKMGB
|d OCLCQ
|d YDX
|d TFW
|d OCLCQ
|
| 015 |
|
|
|a GBC2K2119
|2 bnb
|
| 016 |
7 |
|
|a 020802948
|2 Uk
|
| 019 |
|
|
|a 1357502993
|
| 020 |
|
|
|a 9780323995634
|q electronic book
|
| 020 |
|
|
|a 0323995632
|q electronic book
|
| 020 |
|
|
|z 9780323995627
|
| 020 |
|
|
|z 0323995624
|
| 035 |
|
|
|a (OCoLC)1363834883
|z (OCoLC)1357502993
|
| 050 |
|
4 |
|a QA76.9.H85
|b L58 2023
|
| 050 |
|
4 |
|a Q335
|
| 082 |
0 |
4 |
|a 004.019
|2 23/eng/20230330
|
| 082 |
0 |
4 |
|a 006.3
|
| 100 |
1 |
|
|a Liu, Wei,
|e author.
|
| 245 |
1 |
0 |
|a Integrated human-machine intelligence :
|b beyond artificial intelligence /
|c Wei Liu.
|
| 264 |
|
1 |
|a Amsterdam, Netherlands ;
|a Cambridge, MA :
|b Elsevier,
|c [2023]
|
| 264 |
|
4 |
|c �2023
|
| 300 |
|
|
|a 1 online resource
|
| 336 |
|
|
|a text
|b txt
|2 rdacontent
|
| 337 |
|
|
|a computer
|b c
|2 rdamedia
|
| 338 |
|
|
|a online resource
|b cr
|2 rdacarrier
|
| 500 |
|
|
|a Includes index.
|
| 588 |
|
|
|a Description based on online resource; title from digital title page (viewed on May 10, 2023).
|
| 650 |
|
0 |
|a Human-computer interaction.
|
| 650 |
|
0 |
|a Artificial intelligence.
|
| 650 |
|
0 |
|a Human-machine systems.
|
| 650 |
|
0 |
|a Bionics.
|
| 650 |
|
7 |
|a Artificial intelligence.
|2 fast
|0 (OCoLC)fst00817247
|
| 650 |
|
7 |
|a Bionics.
|2 fast
|0 (OCoLC)fst00832644
|
| 650 |
|
7 |
|a Human-computer interaction.
|2 fast
|0 (OCoLC)fst00963494
|
| 650 |
|
7 |
|a Human-machine systems.
|2 fast
|0 (OCoLC)fst00963500
|
| 655 |
|
0 |
|a Electronic books.
|
| 776 |
0 |
8 |
|i Print version:
|z 0323995624
|w (OCoLC)1329425039
|
| 856 |
4 |
0 |
|u https://sciencedirect.uam.elogim.com/science/book/9780323995627
|z Texto completo
|